ELECTRICAL ENGINEERING (Record no. 6720)

MARC details
000 -LEADER
fixed length control field 00440nam a2200217Ia 4500
001 - CONTROL NUMBER
control field 073333
003 - CONTROL NUMBER IDENTIFIER
control field YMCAF
005 - DATE AND TIME OF LATEST TRANSACTION
control field 20230512160834.0
008 - FIXED-LENGTH DATA ELEMENTS--GENERAL INFORMATION
fixed length control field 100717s9999 ||||||||||||||||| ||und|d
020 ## - INTERNATIONAL STANDARD BOOK NUMBER
International Standard Book Number -
024 ## - OTHER STANDARD IDENTIFIER
Standard number or code 73333
035 ## - SYSTEM CONTROL NUMBER
System control number 12796
040 ## - CATALOGING SOURCE
Original cataloging agency YMCAF
Language of cataloging eng
Transcribing agency IN-KoLT
041 ## - LANGUAGE CODE
Language code of text/sound track or separate title eng
082 ## - DEWEY DECIMAL CLASSIFICATION NUMBER
Classification number 621.3
Item number NAG
100 ## - MAIN ENTRY--PERSONAL NAME
Personal name NAGRATH
245 #0 - TITLE STATEMENT
Title ELECTRICAL ENGINEERING
250 ## - EDITION STATEMENT
Edition statement -
653 ## - INDEX TERM--UNCONTROLLED
Uncontrolled term -
942 ## - ADDED ENTRY ELEMENTS (KOHA)
Source of classification or shelving scheme Dewey Decimal Classification
Koha item type Books
Holdings
Withdrawn status Lost status Damaged status Not for loan Home library Current library Date acquired Cost, normal purchase price Total Checkouts Total Renewals Barcode Date last seen Date last checked out Cost, replacement price Price effective from Koha item type Public note G
        JC Bose University of Science & Technology JC Bose University of Science & Technology 17/07/2010 195.00 2 1 12799 04/04/2024 27/02/2024 195.00 12/05/2023 Books C 2984
        JC Bose University of Science & Technology JC Bose University of Science & Technology 17/07/2010 195.00 1   12796 20/01/2026 12/11/2025 195.00 12/05/2023 Books C 2984
  Lost     JC Bose University of Science & Technology JC Bose University of Science & Technology 17/07/2010 195.00     12797 12/05/2023   195.00 12/05/2023 Books C 2984
        JC Bose University of Science & Technology JC Bose University of Science & Technology 17/07/2010 195.00 6   12798 27/02/2026 13/02/2026 195.00 12/05/2023 Books C 2984